Welcome to CU Library Online Public Access Catalogue (OPAC)

Spiritual leadership / (Record no. 6176)

MARC details
000 -LEADER
fixed length control field 00848cam a2200229 a 4500
001 - CONTROL NUMBER
control field 3972334
005 - DATE AND TIME OF LATEST TRANSACTION
control field 20250603093303.0
008 - FIXED-LENGTH DATA ELEMENTS--GENERAL INFORMATION
fixed length control field 941011s19941967ilu b 001 0 eng
020 ## - INTERNATIONAL STANDARD BOOK NUMBER
International Standard Book Number 0802467997
050 00 - LIBRARY OF CONGRESS CALL NUMBER
Classification number BV652.1
Item number .S3 1994
082 00 - DEWEY DECIMAL CLASSIFICATION NUMBER
Classification number 253/.2
Edition information 20
100 1# - MAIN ENTRY--PERSONAL NAME
Personal name Sanders, J. Oswald
Fuller form of name (John Oswald),
Dates associated with a name 1902-1992.
245 10 - TITLE STATEMENT
Title Spiritual leadership /
Statement of responsibility, etc. J. Oswald Sanders.
260 ## - PUBLICATION, DISTRIBUTION, ETC.
Place of publication, distribution, etc. Chicago :
Name of publisher, distributor, etc. Moody Press,
Date of publication, distribution, etc. c1994, 1967.
300 ## - PHYSICAL DESCRIPTION
Extent 189 p. ;
Dimensions 23 cm.
440 #0 - SERIES STATEMENT/ADDED ENTRY--TITLE
Title Commitment to spiritual growth series
500 ## - GENERAL NOTE
General note "Completely updated text with study guide."
650 #0 - SUBJECT ADDED ENTRY--TOPICAL TERM
Topical term or geographic name entry element Christian leadership.
856 42 - ELECTRONIC LOCATION AND ACCESS
Materials specified Publisher description
Uniform Resource Identifier <a href="http://www.loc.gov/catdir/enhancements/fy0609/94217490-d.html">http://www.loc.gov/catdir/enhancements/fy0609/94217490-d.html</a>
856 42 - ELECTRONIC LOCATION AND ACCESS
Materials specified Contributor biographical information
Uniform Resource Identifier <a href="http://www.loc.gov/catdir/enhancements/fy1209/94217490-b.html">http://www.loc.gov/catdir/enhancements/fy1209/94217490-b.html</a>
942 ## - ADDED ENTRY ELEMENTS (KOHA)
Source of classification or shelving scheme Library of Congress Classification
Koha item type Books
Suppress in OPAC No
999 ## -
-- 6176
-- 6176
Holdings
Withdrawn status Lost status Source of classification or shelving scheme Damaged status Not for loan Collection Home library Current library Shelving location Date acquired Total checkouts Full call number Barcode Date last seen Copy number Price effective from Koha item type
    Library of Congress Classification     Non-fiction Undergraduate Library (Christ Temple) Undergraduate Library (Christ Temple) General stacks 06/03/2025   BV652.1.S3 SAN ulct00002900 06/03/2025 1 06/03/2025 Books
    Library of Congress Classification     Non-fiction Undergraduate Library (Christ Temple) Undergraduate Library (Christ Temple) General stacks 06/03/2025   BV652.1.S3 SAN ulct00002901 06/03/2025 2 06/03/2025 Books
© 2023-2024 Copyright: Central University Libraries. All Rights Reserved | Created by: Mahone Tech Office